نشا ت ثا نيہ ميں مسلما نو ں کا کر د ا ر ا سلا می تہز يب کا مطا لعہ (Record no. 167608)

MARC details
000 -LEADER
fixed length control field 00810nam a22001937a 4500
005 - DATE AND TIME OF LATEST TRANSACTION
control field 20190913151655.0
010 ## - LCCN (DPL NO)
LC control number UR-10458
020 ## - INTERNATIONAL STANDARD BOOK NUMBER
Terms of availability 40.00
International Standard Book Number 9789384973698
035 ## - SYSTEM CONTROL NUMBER
System control number U-9013
037 ## - SOURCE OF ACQUISITION
Source of stock number/acquisition DBAD/PUB
Stock number -
082 ## - DEWEY DECIMAL CLASSIFICATION NUMBER
Classification number 270
100 ## - MAIN ENTRY--PERSONAL NAME
Personal name مترجم : فہيم ا لد ين ا حمد
245 ## - TITLE STATEMENT
Title نشا ت ثا نيہ ميں مسلما نو ں کا کر د ا ر ا سلا می تہز يب کا مطا لعہ
Statement of responsibility, etc مترجم : فہيم ا لد ين ا حمد
246 ## - VARYING FORM OF TITLE
Remainder of title Nishat-e-Sania mein Musalmanon ka Kirdar Islami Tehzeeb ka MutallaUrdu)
Title proper/short title byAhmad Esa WaUsman Ali
260 ## - PUBLICATION, DISTRIBUTION, ETC. (IMPRINT)
Place of publication, distribution, etc N.Delhi
Name of publisher, distributor, etc Institute of Objective Studies
Date of publication, distribution, etc 2018 ء
270 ## - ADDRESS
Address 162,Joga Bai,Jamia Nagar,
City N.Delhi
Postal code 110025
Telephone number 1141827475
Fax number -
300 ## - PHYSICAL DESCRIPTION
Extent 44 ص
Dimensions 22 Cm(Hb)
942 ## - ADDED ENTRY ELEMENTS (KOHA)
Source of classification or shelving scheme Dewey Decimal Classification
Item type Urdu Bks
Classification part 270
Call number suffix ف ہ ی
Holdings
Withdrawn status Lost status Not for loan Collection code Home library Current library Date acquired Source of acquisition Cost, normal purchase price Full call number Barcode Copy number Cost, replacement price Koha item type
      Non-fiction Central Library Central Library 13/09/2019 DBAD/PUB 40.00 270 ف ہ ی U-9013 1 40.00 Urdu Bks

© Delhi Public Library
Hit Counter
free hit counter